Statistics for Premier League winning towns and cities

Click here to take the quiz!

General Stats

  • This quiz has been taken 35 times
  • The average score is 11 of 24

Answer Stats

Answer % Correct
Liverpool
94%
Manchester
94%
Glasgow
94%
Aberdeen
75%
Edinburgh
72%
Birmingham
66%
Newcastle
63%
Leeds
59%
Blackburn
56%
Dundee
53%
Sheffield
53%
Sunderland
44%
Arsenal
44%
Nottingham
41%
Ipswich
34%
Derby
31%
Preston
28%
Portsmouth
25%
Burnley
19%
Huddersfield
16%
Kilmarnock
13%
Dumbarton
3%
Wolverhamton
3%
West Bromwhich
0%

Score Distribution

Percentile by Number Answered

Percent of People with Each Score

Your Score History

You have not taken this quiz